Alexandrie ottomane 1 /
Main Author:
Other Authors:
Format: Book
Language:
French
Italian
Arabic
Published:
Le Caire :
Institut français d'archéologie orientale du Caire,
2011.
Series:
Etudes Alexandrines ;
19.
EtAlex ;
19.
Subjects:
Tags: Add Tag
Call Number: DT73 .A4 E88 v.19
| LEADER | 01301nam a22003617a 4500 | ||
|---|---|---|---|
| 003 | OSt | ||
| 005 | 20251201132510.0 | ||
| 008 | 251201t20119999ua a g b 001 0 fre d | ||
| 010 | |a 2011331471 | ||
| 020 | |a 9782724705607 | ||
| 040 | |c ARCE Library | ||
| 041 | 1 | |a fre |a ita |a ara |h ara | |
| 043 | |a f-ua--- | ||
| 050 | 1 | 4 | |a DT73 .A4 |b E88 v.19 |
| 100 | 1 | |a Tuchscherer, Michel, |e author |9 41302 | |
| 245 | 1 | 0 | |a Alexandrie ottomane 1 / |c Muriel Tuchscherer et Maria Pia Pedani. |
| 264 | 1 | |a Le Caire : |b Institut français d'archéologie orientale du Caire, |c 2011. | |
| 300 | |a 185 pages : |b illustrations ; |c 28 cm. | ||
| 490 | 1 | |a Etudes Alexandrines ; |v 19. | |
| 490 | 1 | |a EtAlex ; |v 19. | |
| 500 | |a One folded plate in pocket. | ||
| 504 | |a Includes bibliographical references and indexes. | ||
| 546 | |a Introduction and presentation of sources in French; sources in Arabic or Italian; Arabic source translated into French. | ||
| 651 | 0 | |a Alexandria (Egypt) |x History. | |
| 651 | 0 | |a Egypt |x History |y 1517-1882. | |
| 651 | 0 | |a Alexandria (Egypt) |x History |v Sources. | |
| 651 | 0 | |a Egypt |x History |y 1517-1882 |v Sources. | |
| 700 | 1 | |a Pedani Fabris, Maria Pia. |9 37413 | |
| 830 | 0 | |a Etudes Alexandrines ; |v 19. | |
| 830 | 0 | |a EtAlex ; |v 19. | |
| 901 | |a reviewed | ||
| 942 | |c BK |2 lcc | ||
| 999 | |c 27850 |d 27850 | ||
